000 00214nam a22000977a 4500
003 SGT
245 _aJournal of Clinical Pediatric Dentistry
260 _bTurpin Distribution
_c2021
300 _a445
942 _2ddc
_cBV
999 _c30266
_d30266